[Event "AUTO-ADV-3133"]
[Site "http://www.queenalice.com/game.php?id=1276382"]
[Date "2014.4.26"]
[Round "1"]
[White "lazingarafelice"]
[Black "juanluciano"]
[Result "1-0"]
[WhiteElo "1853"]
[BlackElo "1650"]

1. e4 e5 2. Nf3 Nc6 3. Bc4 Nf6 4. Ng5 d5 5. exd5 Na5 6. Bb5+ Bd7 7. Bxd7+ Qxd7
8. Nc3 O-O-O 9. Qf3 h6 10. Nge4 Nxe4 11. Qxe4 b6 12. d6 c6 13. O-O Qxd6 14. Qf5+
Rd7 15. Ne4 Qd5 16. Nc3 Qd4 17. d3 Nb7 18. Be3 Qd6 19. f4 Qe6 20. Qxe6 fxe6 21.
fxe5 Bb4 22. Ne4 Be7 23. Rf7 g5 24. Raf1 Nd8 25. R7f3 c5 26. Nf6 Bxf6 27. exf6
Nf7 28. Bc1 Re8 29. h3 e5 30. Re1 Kc7 31. Bd2 Rd6 32. Bc3 Kc6 33. g4 Ree6 34.
Rf5 Kd5 35. b3 b5 36. Bb2 b4 37. c4+ Kc6 38. Re3 Rxf6 39. Bxe5 Nxe5 40. Rfxe5
Rf7 41. Kg2 a5 42. Re6 Kd7 43. Rxd6+ Kxd6 44. Kg3 Rf8 45. Rf3 Re8 46. Rf6+ Re6
47. Rxe6+ Kxe6 48. Kf3 Ke5 49. Ke3 1-0

[Event "AUTO-ADV-3133"]
[Site "http://www.queenalice.com/game.php?id=1276395"]
[Date "2014.4.26"]
[Round "1"]
[White "jartuga99"]
[Black "lazingarafelice"]
[Result "0-1"]
[WhiteElo "2099"]
[BlackElo "1817"]

1. e4 c5 2. Bc4 e6 3. Nf3 Nf6 4. d3 d5 5. exd5 Nxd5 6. O-O Nb6 7. Bb3 Be7 8. a3
O-O 9. Nc3 Nc6 10. Ne4 Nd4 11. Ba2 Nxf3+ 12. Qxf3 Nd5 13. Bd2 f5 14. Ng3 Bh4 15.
Nh5 g6 16. Bxd5 exd5 17. Ng3 Be6 18. Ne2 g5 19. Qh5 Bf7 20. Qh6 f4 21. g3 fxg3
22. fxg3 Qe7 23. Nc3 Rae8 24. gxh4 gxh4 25. Bg5 Qe6 26. Rf6 Qg4+ 27. Kh1 h3 28.
Rg1 Re1 29. Rff1 Rxf1 0-1

[Event "AUTO-ADV-3133"]
[Site "http://www.queenalice.com/game.php?id=1276396"]
[Date "2014.4.26"]
[Round "1"]
[White "lazingarafelice"]
[Black "jartuga99"]
[Result "0-1"]
[WhiteElo "1861"]
[BlackElo "2126"]

1. e4 c5 2. Nf3 Nc6 3. Nc3 d6 4. Bb5 Bd7 5. d4 cxd4 6. Nxd4 a6 7. Nxc6 bxc6 8.
Ba4 Nf6 9. O-O g6 10. Re1 Bg7 11. Bg5 O-O 12. e5 dxe5 13. Qd2 Qc7 14. Rad1 Rfd8
15. Ne4 Nxe4 16. Qe3 Nxg5 17. Qxg5 Be6 18. a3 f6 19. Qg3 Bf7 20. Qf3 c5 21. Bb3
c4 22. Qc3 f5 23. Rxd8+ Rxd8 24. Ba4 Rd4 25. b3 e4 26. Qe3 f4 27. Qe2 Bh6 28. f3
e3 29. Rd1 Qd6 30. Rxd4 Qxd4 31. g3 Qd2 32. Kf1 c3 33. Qxd2 cxd2 34. Ke2 e5 35.
g4 e4 36. Bc6 exf3+ 37. Bxf3 g5 38. Kd1 Bf8 39. a4 a5 40. Ke2 Be6 41. Kd3 h5 42.
h3 Bb4 43. Kd4 Kg7 44. Ke5 Bc8 45. Bd1 Bb7 46. Kd4 Bg2 47. c3 Be7 48. gxh5 Bxh3
49. c4 Bf5 50. c5 Bf6+ 51. Kd5 g4 52. c6 f3 53. c7 e2 54. Bc2 d1=Q+ 55. Kc6
Qxc2+ 56. Kb6 e1=Q 57. Kb7 f2 58. h6+ Kxh6 59. Ka6 f1=Q+ 0-1

[Event "AUTO-ADV-3133"]
[Site "http://www.queenalice.com/game.php?id=1276403"]
[Date "2014.4.26"]
[Round "1"]
[White "Lopesq"]
[Black "lazingarafelice"]
[Result "1/2-1/2"]
[WhiteElo "1389"]
[BlackElo "1861"]

1. d4 Nf6 2. Nf3 d5 3. c3 Nc6 4. Bf4 Bg4 5. Nbd2 e6 6. h3 Bxf3 7. Nxf3 Be7 8. e3
Ne4 9. Bb5 O-O 10. Bxc6 bxc6 11. O-O c5 12. dxc5 Nxc5 13. b3 Ne4 14. Qc1 Bf6 15.
Be5 Bxe5 16. Nxe5 Qd6 17. Nf3 c5 18. c4 a5 19. cxd5 exd5 20. Rd1 Rfd8 21. Qc2
Qf6 22. Rf1 h6 23. Rac1 a4 24. Rfd1 axb3 25. axb3 Rab8 26. Rf1 Qb6 27. Rb1 Qb4
28. Rfc1 Rb5 29. Ne5 Rd6 30. Nd3 Qd2 31. Nf4 Kf8 32. Ne2 Rf6 33. Rb2 Qxc2 34.
Rcxc2 Rxf2 35. Nc1 Rxc2 36. Rxc2 Ke7 37. Kh2 g6 38. Kg1 Ke6 39. Kh2 f5 40. Kg1
Kf6 41. Kh2 g5 42. g4 Kg6 43. gxf5+ Kxf5 44. Rg2 Ke6 45. Rc2 Kd6 46. Kg2 h5 47.
Kf3 Rb8 48. Ra2 Kd7 49. Ra7+ Ke6 50. Ra6+ Kf5 51. Ra3 h4 52. Ra2 Rg8 53. Rg2 Ra8
54. Ra2 Rxa2 55. Nxa2 Nd2+ 56. Ke2 Nxb3 57. Kd3 c4+ 58. Kc3 Ke4 59. Nb4 g4 60.
hxg4 h3 61. g5 h2 62. g6 h1=Q 63. Nc2 Qg2 64. Kb2 Qd2 65. g7 Qg2 66. Kb1 Qf1+
67. Kb2 Qc1+ 68. Ka2 Qxc2+ 69. Ka3 Qg2 70. g8=Q Kxe3 71. Qxg2 d4 72. Qg1+ Kd3
73. Qg3+ Kc2 74. Qf2+ Kc3 75. Qe1+ Nd2 76. Qc1+ Kd3 77. Kb4 c3 78. Kb5 c2 79.
Kb4 Ne4 80. Kb3 Nd2+ 81. Kb2 Nc4+ 82. Kb3 Ne3 83. Qe1 Ke4 84. Qh4+ Kd3 85. Qh7+
Kd2 86. Qh2+ Kd1 87. Qh1+ Kd2 88. Qh2+ Kd1 89. Qh1+ Kd2 90. Qh2+ Kd1 1/2-1/2

[Event "AUTO-ADV-3133"]
[Site "http://www.queenalice.com/game.php?id=1276404"]
[Date "2014.4.26"]
[Round "1"]
[White "lazingarafelice"]
[Black "Lopesq"]
[Result "1-0"]
[WhiteElo "1856"]
[BlackElo "1678"]

1. e4 d5 2. exd5 Qxd5 3. c4 Qd8 4. Nf3 c6 5. Nc3 Bg4 6. Be2 e6 7. d4 Be7 8. d5
cxd5 9. cxd5 Bb4 10. dxe6 Qxd1+ 11. Bxd1 Bxe6 12. Ba4+ Kf8 13. Be3 Na6 14. O-O
Nf6 15. Bd4 Be7 16. Rad1 Ng4 17. h3 Nh6 18. b3 f6 19. Rfe1 Bf7 20. Be3 Bb4 21.
Bd4 Nf5 22. Rc1 b6 23. Bc6 Rd8 24. Red1 Nxd4 25. Rxd4 Bc5 26. Rxd8+ Ke7 27. Rxh8
Nb4 28. Be4 h6 29. Re1 Be6 30. Bf5 Kf7 31. Bxe6+ Kg6 32. Ra8 Nd3 33. Ne4 Nxe1
34. Nxe1 Bd4 35. Rxa7 b5 36. Rb7 Be5 37. Rxb5 Ba1 38. Nf3 Bb2 39. Nh4+ Kh7 40.
Rb8 h5 41. Bf5+ Kh6 42. Rh8# 1-0

[Event "AUTO-ADV-3269"]
[Site "http://www.queenalice.com/game.php?id=1317191"]
[Date "2014.10.22"]
[Round "1"]
[White "pawnforme"]
[Black "lazingarafelice"]
[Result "1-0"]
[WhiteElo "1924"]
[BlackElo "1865"]

1. d4 Nf6 2. e3 d5 3. Bd3 e6 4. Nf3 a6 5. c4 c5 6. cxd5 Nxd5 7. a3 cxd4 8. Nxd4
Nc6 9. Nxc6 bxc6 10. Nd2 Qa5 11. O-O Bb7 12. Rb1 Bd6 13. Nf3 c5 14. Bd2 Qc7 15.
h3 h6 16. Re1 O-O 17. e4 Nf4 18. Bf1 e5 19. Qc2 Ne6 20. Bc3 Rac8 21. Qc1 Nd4 22.
Nh2 c4 23. Ng4 f5 24. exf5 Rxf5 25. Bd2 Qf7 26. Bxh6 Rh5 27. Be3 Nf3+ 28. Kh1
Nxe1 29. Qxe1 Qf5 30. Kg1 Qe6 31. Qe2 Rf5 32. Qc2 Bd5 33. Qa4 Be7 34. Qc2 Rf7
35. Qc3 Bf6 36. Nxf6+ 1-0

[Event "AUTO-ADV-3269"]
[Site "http://www.queenalice.com/game.php?id=1317192"]
[Date "2014.10.22"]
[Round "1"]
[White "lazingarafelice"]
[Black "pawnforme"]
[Result "0-1"]
[WhiteElo "1851"]
[BlackElo "1938"]

1. e4 e5 2. Nf3 Nc6 3. Nc3 f6 4. d4 b6 5. Be2 Bd6 6. d5 Na5 7. O-O Ne7 8. a3 O-O
9. Nb5 Nb7 10. Nxd6 Nxd6 11. Bd3 Ng6 12. c4 c6 13. Be3 c5 14. Qd2 Bb7 15. Rab1
Ba6 16. b3 Qe7 17. Rfc1 Rfc8 18. Ne1 Rf8 19. Nf3 f5 20. Bg5 Qe8 21. exf5 Nxf5
22. h4 Nd4 23. Nxd4 cxd4 24. Qc2 Kh8 25. g3 d6 26. h5 Ne7 27. Bxh7 Qxh5 28. Bxe7
Qxh7 29. Bxf8 Rxf8 30. Qxh7+ Kxh7 31. Kg2 Kg8 32. Re1 Re8 33. Re4 Bc8 34. f4 Bf5
35. Kf3 Bxe4+ 0-1

[Event "AUTO-ADV-3269"]
[Site "http://www.queenalice.com/game.php?id=1317205"]
[Date "2014.10.22"]
[Round "1"]
[White "od_xavier"]
[Black "lazingarafelice"]
[Result "0-1"]
[WhiteElo "1566"]
[BlackElo "1815"]

1. e4 c5 2. Nf3 d6 3. Bc4 h6 4. Nc3 Nc6 5. d3 Nf6 6. Bf4 Bg4 7. O-O Nd4 8. h3
Nxf3+ 9. gxf3 Bxh3 10. Re1 g5 11. Be3 Bg7 12. Kh2 g4 13. fxg4 Bxg4 14. f3 Bh5
15. Rg1 Rg8 16. Bxh6 Bxh6 17. Rxg8+ Nxg8 18. Qg1 Bf4+ 19. Kg2 e6 20. Kf1 Nf6 21.
Qg7 Ke7 22. Kf2 Qb6 23. b3 Be5 24. Rg1 Bxc3 25. Qh6 Bd4+ 26. Ke2 Bxg1 27. Qg5
Rg8 28. Qh4 Rg2+ 29. Kf1 Bxf3 30. Qf4 Rxc2 31. Kxg1 Bd1 32. a4 Qa5 33. Kf1 Qd2
34. Qxd2 Rxd2 35. a5 Rb2 36. Ke1 Bxb3 37. Bxb3 Rxb3 38. Kd2 d5 39. exd5 Nxd5 0-1

[Event "AUTO-ADV-3269"]
[Site "http://www.queenalice.com/game.php?id=1317206"]
[Date "2014.10.22"]
[Round "1"]
[White "lazingarafelice"]
[Black "od_xavier"]
[Result "1-0"]
[WhiteElo "1821"]
[BlackElo "1560"]

1. e4 e5 2. Nf3 Nc6 3. Nc3 Nf6 4. d4 Bb4 5. dxe5 Nxe4 6. Qd3 Nc5 7. Qc4 h6 8. a3
Bxc3+ 9. Qxc3 Ne6 10. Be3 O-O 11. O-O-O d5 12. exd6 cxd6 13. Bb5 Qd7 14. Ne5 Qe7
15. Nxc6 bxc6 16. Qxc6 Rb8 17. Rhe1 Bb7 18. Qxd6 Qxd6 19. Rxd6 Bxg2 20. Bd3 Bf3
21. Bxa7 Rbc8 22. Bb5 Ng5 23. h4 Ne4 24. Rd3 Nxf2 25. Rxf3 Ng4 26. Re7 Nf6 27.
Bd4 Nd5 28. Rd7 Nf6 29. Bxf6 gxf6 30. Rxf6 Kg7 31. Rf4 Rc5 32. a4 Re8 33. Rfxf7+
Kg6 34. Rg7+ Kf6 35. Rdf7+ Ke5 36. Bxe8 Ke4 37. Re7+ Kf4 38. Rh7 Kg4 39. h5 1-0

[Event "AUTO-ADV-3269"]
[Site "http://www.queenalice.com/game.php?id=1317215"]
[Date "2014.10.22"]
[Round "1"]
[White "lazingarafelice"]
[Black "Canaye"]
[Result "0-1"]
[WhiteElo "1826"]
[BlackElo "1947"]

1. e4 e6 2. Nf3 d5 3. exd5 exd5 4. d4 c5 5. Bb5+ Bd7 6. Qe2+ Qe7 7. Qxe7+ Bxe7
8. Bxd7+ Nxd7 9. Nc3 Ngf6 10. Bg5 Ne4 11. Bxe7 Nxc3 12. bxc3 Kxe7 13. Rb1 b6 14.
O-O Rhe8 15. Rfe1+ Kf8 16. Kf1 c4 17. a4 Nf6 18. h3 Ne4 19. Re3 f5 20. Rb4 f4
21. Re1 Nxc3 22. Rxe8+ Rxe8 23. g4 h6 24. Ne5 g5 25. Nc6 Re2 26. Nxa7 Rxc2 27.
Rxb6 Nxa4 28. Rxh6 Rd2 29. Nb5 c3 30. Rc6 c2 31. Kg2 Nb2 32. Na3 Rxd4 33. Rxc2
Nc4 34. Nb5 Rd3 35. Nc7 f3+ 36. Kg3 Nd2 37. Ne6+ Ke7 38. Nxg5 Ne4+ 39. Nxe4 dxe4
40. Kf4 Rd4 41. h4 Rb4 42. h5 Kf6 43. g5+ Kf7 44. Kf5 Ra4 45. h6 Ra5+ 46. Kxe4
Kg6 47. Kxf3 Rxg5 48. Rc6+ Kh7 49. Kf4 Ra5 50. Kg4 Ra4+ 51. f4 Ra8 0-1

[Event "AUTO-ADV-3269"]
[Site "http://www.queenalice.com/game.php?id=1317216"]
[Date "2014.10.22"]
[Round "1"]
[White "Canaye"]
[Black "lazingarafelice"]
[Result "1-0"]
[WhiteElo "1935"]
[BlackElo "1838"]

1. d4 d5 2. c4 c6 3. Nc3 Nf6 4. cxd5 cxd5 5. h3 h6 6. Bf4 e6 7. e3 Bb4 8. Qc2
Ne4 9. Bxb8 Bxc3+ 10. bxc3 Rxb8 11. Bb5+ Bd7 12. a4 Qa5 13. Bxd7+ Kxd7 14. Ne2
Rbc8 15. O-O Nxc3 16. Nxc3 Qxc3 17. Qe2 Rc4 18. Rfc1 Qb3 19. Rxc4 dxc4 20. a5
Rc8 21. Qf3 Rf8 22. Rd1 c3 23. d5 c2 24. dxe6+ Kxe6 25. Qe4+ Kf6 26. Rd6+ Qe6
27. Rxe6+ fxe6 28. Qxc2 b6 29. axb6 axb6 30. f4 Rf7 31. Kf2 g5 32. Qc3+ Kg6 33.
Qd3+ Kg7 34. g3 gxf4 35. exf4 e5 36. Qc3 Rf5 37. Ke3 b5 38. Ke4 Kg6 39. Qc6+ Rf6
40. Qe8+ Kg7 41. Qxe5 b4 42. h4 Kf7 43. f5 b3 44. Qd5+ Ke7 45. Qxb3 Rd6 46. Ke5
h5 47. Qb7+ Rd7 48. f6+ Ke8 49. Qc6 Kd8 50. Ke6 Rc7 51. Qxc7+ Kxc7 52. Ke7 1-0

[Event "AUTO-ADV-3387"]
[Site "http://www.queenalice.com/game.php?id=1351555"]
[Date "2015.4.4"]
[Round "1"]
[White "lazingarafelice"]
[Black "ACamargo"]
[Result "1-0"]
[WhiteElo "1874"]
[BlackElo "1920"]

1. e4 e5 2. Nf3 d6 3. Nc3 Nf6 4. d3 h6 5. d4 exd4 6. Nxd4 Be7 7. Bd3 O-O 8. Bf4
c5 9. Nf3 Bg4 10. h3 Be6 11. e5 dxe5 12. Bxe5 Nc6 13. O-O Nxe5 14. Nxe5 Qc7 15.
Nf3 Rad8 16. Qe2 a6 17. Bc4 Bxc4 18. Qxc4 b5 19. Qh4 Nd5 20. Nxd5 Rxd5 21. Qe4
Qd6 22. Rfe1 Bf6 23. c3 Rd8 24. Re3 Rd1+ 25. Rxd1 Qxd1+ 26. Re1 Qd6 27. Re2 b4
28. cxb4 cxb4 29. Rd2 Qb8 30. Rxd8+ Qxd8 31. Qxb4 Be7 32. Qd2 Qb6 33. Qd7 Bf8
34. Ne5 Qf6 35. Qe8 g6 36. Nd7 Qd6 37. b3 a5 38. g3 Kg7 39. Qxf8+ Qxf8 40. Nxf8
Kxf8 41. Kf1 Ke7 42. Ke2 Kd6 43. Kd3 Kd5 44. a3 f6 45. b4 a4 46. g4 h5 47. f4 h4
48. Ke3 f5 49. gxf5 gxf5 50. Kd3 1-0

[Event "AUTO-ADV-3387"]
[Site "http://www.queenalice.com/game.php?id=1351556"]
[Date "2015.4.4"]
[Round "1"]
[White "ACamargo"]
[Black "lazingarafelice"]
[Result "0-1"]
[WhiteElo "1945"]
[BlackElo "1847"]

1. d4 Nf6 2. c4 c6 3. Nc3 d5 4. c5 Nbd7 5. Nf3 e6 6. e3 Be7 7. Bd3 O-O 8. Bd2 b6
9. b4 bxc5 10. bxc5 Rb8 11. O-O e5 12. dxe5 Ne8 13. Qc2 Qc7 14. Rfe1 Nxe5 15.
Nxe5 Qxe5 16. Na4 Nf6 17. Bc3 Qh5 18. f3 Nd7 19. Bd4 Ne5 20. Bxe5 Qxe5 21. Bxh7+
Kh8 22. f4 Qc7 23. Bd3 Bg4 24. h3 Be6 25. Qe2 Kg8 26. Qh5 f5 27. g4 Qa5 28. gxf5
Bf7 29. Qd1 Rfe8 30. Rc1 Rb4 31. Nc3 Bxc5 32. Qd2 Qb6 33. Kg2 Bxe3 34. Qd1 Rxf4
35. Rc2 d4 36. Na4 Bd5+ 37. Kh2 Qc7 0-1

[Event "AUTO-ADV-3387"]
[Site "http://www.queenalice.com/game.php?id=1351557"]
[Date "2015.4.4"]
[Round "1"]
[White "lazingarafelice"]
[Black "carlosjvega"]
[Result "1-0"]
[WhiteElo "1867"]
[BlackElo "1634"]

1. e4 e5 2. Nf3 Nc6 3. Nc3 Nf6 4. Bc4 Bc5 5. d3 d6 6. Bg5 Be6 7. O-O Qe7 8. Nd5
Bxd5 9. exd5 Na5 10. Bb5+ c6 11. dxc6 bxc6 12. Ba4 O-O 13. Qd2 Nb7 14. Bxc6 Rab8
15. d4 Bxd4 16. Nxd4 exd4 17. Rfe1 Qc7 18. Bxf6 Qxc6 19. Qg5 1-0

[Event "AUTO-ADV-3387"]
[Site "http://www.queenalice.com/game.php?id=1351558"]
[Date "2015.4.4"]
[Round "1"]
[White "carlosjvega"]
[Black "lazingarafelice"]
[Result "0-1"]
[WhiteElo "1340"]
[BlackElo "1832"]

1. e4 c5 2. Bc4 e6 3. Nc3 Nf6 4. e5 d5 5. Bb5+ Nfd7 6. f4 a6 7. Bxd7+ Nxd7 8. d4
cxd4 9. Qxd4 Bc5 10. Qd3 Qb6 11. Nf3 f6 12. a3 fxe5 13. fxe5 O-O 14. Na4 Qa5+
15. Nc3 Qc7 16. b4 Nxe5 17. Nxe5 Qxe5+ 18. Kd1 Bf2 19. Bb2 Qg5 20. g3 Qg4+ 21.
Qe2 Qh3 22. Kc1 Bxg3 23. Nd1 Bf4+ 24. Kb1 e5 25. Nf2 Qg2 26. Ka2 Bxh2 27. Raf1
Rxf2 28. Rxf2 Qxh1 29. Rxh2 Qg1 30. Rg2 Qb6 31. Qxe5 Kf8 32. Qxg7+ Ke8 33. Qh8+
Ke7 34. Qxh7+ Kd6 35. Rg6+ Be6 36. Qf7 Qe3 37. Bd4 Qe4 38. Bc5+ Kc6 39. Rxe6+
Qxe6 40. Qxe6+ Kb5 0-1

[Event "AUTO-ADV-3387"]
[Site "http://www.queenalice.com/game.php?id=1351559"]
[Date "2015.4.4"]
[Round "1"]
[White "lazingarafelice"]
[Black "jlpbarreto"]
[Result "1-0"]
[WhiteElo "1827"]
[BlackElo "1886"]

1. e4 e5 2. Nf3 Nc6 3. Nc3 Nf6 4. d4 exd4 5. Nxd4 Be7 6. Nxc6 bxc6 7. e5 Nd5 8.
Nxd5 cxd5 9. Qxd5 c6 10. Qe4 O-O 11. Bd3 g6 12. O-O Bg5 13. f4 Bh6 14. f5 Bxc1
15. Raxc1 Qb6+ 16. Kh1 Ba6 17. b3 Bxd3 18. cxd3 Rfe8 19. Qf4 Rab8 20. Rc4 Rf8
21. f6 Kh8 22. Qh6 Rg8 23. Rh4 1-0

[Event "AUTO-ADV-3387"]
[Site "http://www.queenalice.com/game.php?id=1351560"]
[Date "2015.4.4"]
[Round "1"]
[White "jlpbarreto"]
[Black "lazingarafelice"]
[Result "0-1"]
[WhiteElo "1834"]
[BlackElo "1845"]

1. e4 c5 2. Nf3 d6 3. c3 Nf6 4. Be2 Bg4 5. d3 Nc6 6. O-O g6 7. Re1 Bg7 8. Bg5
O-O 9. Qd2 d5 10. e5 Bxf3 11. Bxf3 Ne8 12. Bh6 Nxe5 13. Rxe5 Bxe5 14. Bxf8 Kxf8
15. Na3 Bf6 16. Nc2 Kg8 17. Re1 e6 18. Ne3 Nd6 19. g3 Bg5 20. Qc2 Qa5 21. a3 h5
22. Ng2 Rd8 23. b4 cxb4 24. cxb4 Qxa3 25. Rb1 Rc8 0-1